<?xml version="1.0" encoding="UTF-8"?><?xml-stylesheet type="text/xsl" href="static/style.xsl"?><OAI-PMH xmlns="http://www.openarchives.org/OAI/2.0/" xmlns:xsi="http://www.w3.org/2001/XMLSchema-instance" xsi:schemaLocation="http://www.openarchives.org/OAI/2.0/ http://www.openarchives.org/OAI/2.0/OAI-PMH.xsd"><responseDate>2026-04-27T19:49:44Z</responseDate><request verb="GetRecord" identifier="oai:uvadoc.uva.es:10324/9057" metadataPrefix="marc">https://uvadoc.uva.es/oai/request</request><GetRecord><record><header><identifier>oai:uvadoc.uva.es:10324/9057</identifier><datestamp>2021-06-29T10:33:53Z</datestamp><setSpec>com_10324_38</setSpec><setSpec>col_10324_852</setSpec></header><metadata><record xmlns="http://www.loc.gov/MARC21/slim" xmlns:doc="http://www.lyncode.com/xoai" xmlns:xsi="http://www.w3.org/2001/XMLSchema-instance" xmlns:dcterms="http://purl.org/dc/terms/" xsi:schemaLocation="http://www.loc.gov/MARC21/slim http://www.loc.gov/standards/marcxml/schema/MARC21slim.xsd">
<leader>00925njm 22002777a 4500</leader>
<datafield tag="042" ind1=" " ind2=" ">
<subfield code="a">dc</subfield>
</datafield>
<datafield tag="720" ind1=" " ind2=" ">
<subfield code="a">Palencia Sánchez, José Luis</subfield>
<subfield code="e">author</subfield>
</datafield>
<datafield tag="260" ind1=" " ind2=" ">
<subfield code="c">2014</subfield>
</datafield>
<datafield tag="520" ind1=" " ind2=" ">
<subfield code="a">En la primera parte del trabajo se analiza de forma descriptiva la determinación del salario mínimo en España, la importancia del proceso de equiparación del SMI por edades y se termina el apartado centrándose en el análisis del SMI antes y durante la crisis. En este análisis se estudia la elevación del SMI durante el gobierno de Zapatero y la creación del IPREM, seguidamente de la evolución relativa del SMI en los años de la crisis, y se examinará el SMI en relación con la remuneración mínima de otros países. En la segunda parte del trabajo se examina lo que la teoría económica nos pronostica sobre los efectos del establecimiento y/o elevación de un salario mínimo en el mercado de trabajo. Seguidamente se explica cómo se ha venido reflejando esa teoría en los trabajos empíricos en general, y por último se comenta detalladamente los principales resultados empíricos obtenidos para nuestro país.</subfield>
</datafield>
<datafield tag="024" ind2=" " ind1="8">
<subfield code="a">http://uvadoc.uva.es/handle/10324/9057</subfield>
</datafield>
<datafield ind1=" " ind2=" " tag="653">
<subfield code="a">Salarios mínimos - España</subfield>
</datafield>
<datafield tag="245" ind1="0" ind2="0">
<subfield code="a">El salario mínimo en España</subfield>
</datafield>
</record></metadata></record></GetRecord></OAI-PMH>